<?xml version="1.0" encoding="UTF-8"?>
<record
    xmlns:xsi="http://www.w3.org/2001/XMLSchema-instance"
    xsi:schemaLocation="http://www.loc.gov/MARC21/slim http://www.loc.gov/standards/marcxml/schema/MARC21slim.xsd"
    xmlns="http://www.loc.gov/MARC21/slim">

  <leader>01142nam a22002297a 4500</leader>
  <controlfield tag="003">NALT</controlfield>
  <controlfield tag="005">20250426074003.0</controlfield>
  <controlfield tag="008">181019b        th ||||| |||| 00| 0 tha d</controlfield>
  <datafield tag="020" ind1=" " ind2=" ">
    <subfield code="a">9786169114680</subfield>
  </datafield>
  <datafield tag="040" ind1=" " ind2=" ">
    <subfield code="a">NALT</subfield>
  </datafield>
  <datafield tag="090" ind1=" " ind2=" ">
    <subfield code="a">KD 301.3</subfield>
    <subfield code="b">&#xE1C;749&#xE1C; 2560</subfield>
  </datafield>
  <datafield tag="110" ind1="2" ind2=" ">
    <subfield code="a">&#xE2A;&#xE33;&#xE19;&#xE31;&#xE01;&#xE07;&#xE32;&#xE19;&#xE1C;&#xE39;&#xE49;&#xE15;&#xE23;&#xE27;&#xE08;&#xE01;&#xE32;&#xE23;&#xE41;&#xE1C;&#xE48;&#xE19;&#xE14;&#xE34;&#xE19;.</subfield>
    <subfield code="9">544</subfield>
  </datafield>
  <datafield tag="245" ind1="1" ind2="0">
    <subfield code="a">&#xE1C;&#xE39;&#xE49;&#xE15;&#xE23;&#xE27;&#xE08;&#xE01;&#xE32;&#xE23;&#xE41;&#xE1C;&#xE48;&#xE19;&#xE14;&#xE34;&#xE19; : </subfield>
    <subfield code="b">&#xE23;&#xE49;&#xE2D;&#xE22;&#xE40;&#xE23;&#xE37;&#xE48;&#xE2D;&#xE07;&#xE23;&#xE32;&#xE27;&#xE0A;&#xE48;&#xE27;&#xE22;&#xE0A;&#xE32;&#xE27;&#xE1A;&#xE49;&#xE32;&#xE19; 1 /</subfield>
    <subfield code="c">&#xE2A;&#xE33;&#xE19;&#xE31;&#xE01;&#xE07;&#xE32;&#xE19;&#xE1C;&#xE39;&#xE49;&#xE15;&#xE23;&#xE27;&#xE08;&#xE01;&#xE32;&#xE23;&#xE41;&#xE1C;&#xE48;&#xE19;&#xE14;&#xE34;&#xE19;.</subfield>
  </datafield>
  <datafield tag="260" ind1=" " ind2=" ">
    <subfield code="a">&#xE01;&#xE23;&#xE38;&#xE07;&#xE40;&#xE17;&#xE1E;&#xE2F; :</subfield>
    <subfield code="b">&#xE2A;&#xE33;&#xE19;&#xE31;&#xE01;&#xE07;&#xE32;&#xE19;&#xE1C;&#xE39;&#xE49;&#xE15;&#xE23;&#xE27;&#xE08;&#xE01;&#xE32;&#xE23;&#xE41;&#xE1C;&#xE48;&#xE19;&#xE14;&#xE34;&#xE19;,</subfield>
    <subfield code="c">2560.</subfield>
  </datafield>
  <datafield tag="300" ind1=" " ind2=" ">
    <subfield code="a">187 &#xE2B;&#xE19;&#xE49;&#xE32; :</subfield>
    <subfield code="b">&#xE20;&#xE32;&#xE1E;&#xE1B;&#xE23;&#xE30;&#xE01;&#xE2D;&#xE1A; ;</subfield>
    <subfield code="c">21 &#xE0B;&#xE21;.</subfield>
  </datafield>
  <datafield tag="650" ind1=" " ind2="4">
    <subfield code="a">&#xE1C;&#xE39;&#xE49;&#xE15;&#xE23;&#xE27;&#xE08;&#xE01;&#xE32;&#xE23;&#xE41;&#xE1C;&#xE48;&#xE19;&#xE14;&#xE34;&#xE19;</subfield>
    <subfield code="x">&#xE2D;&#xE33;&#xE19;&#xE32;&#xE08;&#xE2B;&#xE19;&#xE49;&#xE32;&#xE17;&#xE35;&#xE48;</subfield>
    <subfield code="9">103</subfield>
  </datafield>
  <datafield tag="650" ind1=" " ind2="4">
    <subfield code="9">102</subfield>
    <subfield code="a">&#xE1B;&#xE23;&#xE30;&#xE0A;&#xE32;&#xE0A;&#xE19;</subfield>
    <subfield code="x">&#xE02;&#xE49;&#xE2D;&#xE23;&#xE49;&#xE2D;&#xE07;&#xE40;&#xE23;&#xE35;&#xE22;&#xE19;</subfield>
  </datafield>
  <datafield tag="850" ind1=" " ind2=" ">
    <subfield code="a">NALT</subfield>
  </datafield>
  <datafield tag="942" ind1=" " ind2=" ">
    <subfield code="c">LB</subfield>
    <subfield code="2">local</subfield>
  </datafield>
  <datafield tag="998" ind1=" " ind2=" ">
    <subfield code="a">bijaya</subfield>
    <subfield code="c">101</subfield>
    <subfield code="b">phon</subfield>
    <subfield code="j"></subfield>
    <subfield code="k">CRON CRON</subfield>
  </datafield>
  <datafield tag="999" ind1=" " ind2=" ">
    <subfield code="c">95420</subfield>
    <subfield code="d">95420</subfield>
  </datafield>
  <datafield tag="952" ind1=" " ind2=" ">
    <subfield code="0">0</subfield>
    <subfield code="1">0</subfield>
    <subfield code="2">local</subfield>
    <subfield code="4">0</subfield>
    <subfield code="7">0</subfield>
    <subfield code="8">CLAW</subfield>
    <subfield code="a">NALT</subfield>
    <subfield code="b">NALT</subfield>
    <subfield code="c">LAW</subfield>
    <subfield code="d">2018-10-19</subfield>
    <subfield code="o">KD 301.3 &#xE1C;749&#xE1C; 2560 &#xE25;.1</subfield>
    <subfield code="p">3961208804</subfield>
    <subfield code="r">2018-11-15 00:00:00</subfield>
    <subfield code="w">2018-10-19</subfield>
    <subfield code="y">LB</subfield>
  </datafield>
</record>
